| 000 | 00867nam a2200217 i 4500 | ||
|---|---|---|---|
| 001 | 121612 | ||
| 003 | ES-MaACL | ||
| 005 | 20240419150423.0 | ||
| 007 | t| | ||
| 008 | 070214s1952 sp r ||||1| spa d | ||
| 100 | 1 |
_aPortabales Pichel, Amancio. _993183 |
|
| 245 | 1 | 0 |
_aMaestros mayores, arquitectos y aparejadores de El Escorial _b: con más de 100 documentos hasta ahora inéditos y copias fotográficas de los más importantes / _cAmancio Portabales Pichel ; prólogo de Luis Astrana Marín]. |
| 260 |
_aMadrid : _bLupiana, _c1952. |
||
| 300 |
_a316 p. : _bil. ; _c21 cm. |
||
| 610 | 2 |
_aMonasterio de El Escorial. _95729 |
|
| 651 | 7 |
_aMonasterio de El Escorial _xEdificios, estructuras, etc. _2 _9144603 |
|
| 700 | 1 |
_aAstrana Marín, Luis. _923693 |
|
| 852 |
_aES-MaACL _jC-5659 _bR.34412 |
||
| 852 |
_aES-MaACL _jC-22359 _bR.50223 |
||
| 999 |
_c121612 _d121612 |
||